Home Countries of UEFA Champions League 2016-17 Teams - Statistics

General Stats
  • This quiz has been taken 231 times
  • The average score is 30 of 32
Answer Stats
Team Country % Correct
Arsenal England
100%
Manchester City England
100%
Tottenham Hotspur England
100%
Leicester City England
100%
Barcelona Spain
100%
Atlético Madrid Spain
100%
Real Madrid Spain
100%
Sevilla Spain
100%
Borussia Mönchengladbach Germany
98%
Bayern Munich Germany
98%
Bayer Leverkusen Germany
98%
Borussia Dortmund Germany
98%
Napoli Italy
98%
Juventus Italy
98%
Paris Saint-Germain France
97%
Monaco France
97%
Lyon France
97%
Benfica Portugal
97%
Sporting CP Portugal
97%
Porto Portugal
97%
Rostov Russia
94%
CSKA Moscow Russia
94%
PSV Eindhoven Netherlands
92%
Club Brugge Belgium
89%
Celtic Scotland
86%
Dynamo Kyiv Ukraine
86%
Basel Switzerland
85%
Beşiktaş Turkey
81%
Dinamo Zagreb Croatia
78%
Copenhagen Denmark
78%
Legia Warsaw Poland
77%
Ludogorets Razgrad Bulgaria
70%
No matching quizzes found
Score Distribution
Percent of People with Each Score
Percentile by Number Answered
Your Score History
You have not taken this quiz